| 000 | 00702nam a2200229 i 4500 | ||
|---|---|---|---|
| 001 | 6356 | ||
| 003 | ES-MaACL | ||
| 005 | 20231214200117.0 | ||
| 007 | t| | ||
| 008 | 890926s1989 sp |||| | spa d | ||
| 020 | _a84-321-2518-0 | ||
| 080 | _a86-14"19"(082.2) | ||
| 245 | 0 | 0 |
_aAntología general de Adonáis _b: (1969-1989) / _cprólogo de Luis Jiménez Martos. |
| 260 |
_aMadrid : _bRialp, _c[1989] |
||
| 300 |
_a349 p. ; _c23 cm. |
||
| 490 | 1 |
_aEsquemas ; _v3 |
|
| 650 | 4 |
_aPoesías españolas- _yS.XX. _916221 |
|
| 700 | 1 |
_aJiménez Martos, Luis, _d1926-2003 _966562 |
|
| 830 | 1 |
_aEsquemas ; _v3 _9181678 |
|
| 852 | 4 |
_aES-MaACL _jL-13510 _z- Enc. cart. |
|
| 999 |
_c6356 _d6356 |
||